Perspectives in American history.

Bibliographic Details
Corporate Author: Charles Warren Center for Studies in American History
Format: Journal
Language:English
Published: Cambridge, New York, NY, [etc.] : Published for the Charles Warren Center for Studies in American History, Harvard University, by Cambridge University Press.
Subjects:
Online Availability: Check for online availability

MARC

Tag First Indicator Second Indicator Subfields
LEADER 00000cas a2200000 4500
001 in00000092648
005 20151008064322.0
008 750907d19671986enkar2p 0uuua0eng d
010 |a  74000642  
019 |a 10806636  |a 11759835 
022 0 |a 0079-0990  |z 0266-1322 
035 |a (OCoLC)01606485 
035 |9 AAK3955AM 
040 |a MUL  |c MUL  |d BTI  |d NSD  |d DLC  |d OCL  |d NST  |d AIP  |d NSD  |d AIP  |d BTI  |d OCL  |d NST  |d NSD  |d NST  |d TXA  |d UtOrBLW 
042 |a nsdp  |a lc 
043 |a n-us--- 
049 |a TXAE 
050 0 0 |a E171  |b .P47 
210 0 |a Perspect. Am. hist. 
222 0 |a Perspectives in American history 
245 0 0 |a Perspectives in American history. 
246 1 2 |a Intellectual migration: Europe and America, 1930-1960  |f v. 2 (1968) 
246 1 2 |a Law in American history  |f v. 5 (1971) 
246 1 2 |a Dislocation and emigration :  |b the social background of American immigration  |f v. 7 (1973) 
264 1 |a Cambridge,  |a New York, NY, [etc.] :  |b Published for the Charles Warren Center for Studies in American History, Harvard University, by Cambridge University Press. 
300 |a 15 volumes ;  |c 23 cm. 
310 |a Annual 
336 |a text  |b txt  |2 rdacontent 
337 |a unmediated  |b n  |2 rdamedia 
338 |a volume  |b nc  |2 rdacarrier 
362 0 |a Vol. 1 (1967)-v. 12 (1979); new ser. vol. 1 (1984)-v. 3 (1986). 
510 2 |a America, history and life  |x 0002-7065  |b 1967-1979 
510 2 |a Historical abstracts. Part A. Modern history abstracts  |x 0363-2717  |b 1967-1979 
510 2 |a Historical abstracts. Part B. Twentieth century abstracts  |x 0363-2725  |b 1967-1979 
510 2 |a Writings on American history  |x 0364-2887 
510 2 |a Sociological abstracts  |x 0038-0202 
515 |a Suspended 1980-1983. 
550 |a Vols. for 1967-1979 published by the Charles Warren Center for Studies in American History; 1984- published for the Center by Cambridge University Press. 
651 0 |a United States  |x History  |v Periodicals. 
710 2 |a Charles Warren Center for Studies in American History. 
999 |a MARS 
999 f f |s 1dff99e6-93a6-3d8a-a19d-4f0967151887  |i 82821dba-f4e8-35ad-8762-b358041335a2  |t 0 
952 f f |p ric  |a Texas A&M University  |b Rellis Campus  |c Joint Library Facility  |d Remote Storage  |t 0  |e E171 .P47  |h Library of Congress classification  |i unmediated -- volume  |k n.s.v.3  |l 1986  |m A14811317548 
952 f f |p ric  |a Texas A&M University  |b Rellis Campus  |c Joint Library Facility  |d Remote Storage  |t 0  |e E171 .P47  |h Library of Congress classification  |i unmediated -- volume  |k v.5  |l 1971  |m A14807765080 
952 f f |p ric  |a Texas A&M University  |b Rellis Campus  |c Joint Library Facility  |d Remote Storage  |t 0  |e E171 .P47  |h Library of Congress classification  |i unmediated -- volume  |k v.11  |l 1977/1978  |m A14809072653 
952 f f |p ric  |a Texas A&M University  |b Rellis Campus  |c Joint Library Facility  |d Remote Storage  |t 0  |e E171 .P47  |h Library of Congress classification  |i unmediated -- volume  |k v.12  |l 1979  |m A14809072661 
952 f f |p ric  |a Texas A&M University  |b Rellis Campus  |c Joint Library Facility  |d Remote Storage  |t 0  |e E171 .P47  |h Library of Congress classification  |i unmediated -- volume  |k v.2  |l 1968  |m A14809074053 
952 f f |p ric  |a Texas A&M University  |b Rellis Campus  |c Joint Library Facility  |d Remote Storage  |t 0  |e E171 .P47  |h Library of Congress classification  |i unmediated -- volume  |k v.10  |l 1976  |m A14807763965 
952 f f |p ric  |a Texas A&M University  |b Rellis Campus  |c Joint Library Facility  |d Remote Storage  |t 0  |e E171 .P47  |h Library of Congress classification  |i unmediated -- volume  |k v.9  |l 1975  |m A14809072645 
952 f f |p ric  |a Texas A&M University  |b Rellis Campus  |c Joint Library Facility  |d Remote Storage  |t 0  |e E171 .P47  |h Library of Congress classification  |i unmediated -- volume  |k v.4  |l 1970  |m A14809074079 
952 f f |p ric  |a Texas A&M University  |b Rellis Campus  |c Joint Library Facility  |d Remote Storage  |t 0  |e E171 .P47  |h Library of Congress classification  |i unmediated -- volume  |k v.8  |l 1974  |m A14809698085 
952 f f |p ric  |a Texas A&M University  |b Rellis Campus  |c Joint Library Facility  |d Remote Storage  |t 0  |e E171 .P47  |h Library of Congress classification  |i unmediated -- volume  |k v.3  |l 1969  |m A14809074061 
952 f f |p ric  |a Texas A&M University  |b Rellis Campus  |c Joint Library Facility  |d Remote Storage  |t 0  |e E171 .P47  |h Library of Congress classification  |i unmediated -- volume  |k n.s.v.1  |l 1984  |m A14808709760 
952 f f |p ric  |a Texas A&M University  |b Rellis Campus  |c Joint Library Facility  |d Remote Storage  |t 0  |e E171 .P47  |h Library of Congress classification  |i unmediated -- volume  |k v.6  |l 1972  |m A14807237485 
952 f f |p ric  |a Texas A&M University  |b Rellis Campus  |c Joint Library Facility  |d Remote Storage  |t 0  |e E171 .P47  |h Library of Congress classification  |i unmediated -- volume  |k v.7  |l 1973  |m A14832342207 
952 f f |p ric  |a Texas A&M University  |b Rellis Campus  |c Joint Library Facility  |d Remote Storage  |t 0  |e E171 .P47  |h Library of Congress classification  |i unmediated -- volume  |k n.s.v.2  |l 1985  |m A14810947756 
998 f f |a E171 .P47  |s new ser.:v.1-3 (1984-1986)  |t 0  |l Remote Storage